[Event "IOM Open-Masters 2017"]
[Site "Douglas"]
[Date "2017.09.22"]
[Round "1"]
[White "Aravindh, Chithambaram VR"]
[Black "Vallejo Pons, Francisco"]
[Result "0-1"]
[WhiteElo "2573"]
[BlackElo "2716"]
[Annotator "TA"]
[PlyCount "104"]
[EventDate "2017.??.??"]
[EventType "swiss"]
[EventCountry "GBR"]
[SourceTitle "playchess.com"]
[Source "ChessBase"]
[SourceQuality "1"]

{[%evp 15,104,8,18,-14,-6,-26,-26,-24,-20,-58,-46,-71,-79,-76,-70,-69,-56,-48,-47,-66,-57,-56,-51,-68,-81,-72,-85,-106,-87,-100,-100,-118,-86,-95,-67,-147,-150,-150,-136,-209,-153,-231,-141,-185,-94,-156,-83,-153,-111,-121,-112,-137,-130,-161,-125,-120,-115,-176,-125,-196,-196,-196,-196,-239,-239,-236,-236,-236,-238,-248,-248,-327,-327,-325,-318,-314,-317,-547,-493,-625,-631,-610,-600,-589,-589,-589,-531,-702,-653,-633,-613]} 1. Nf3 e6 2. g3 b5 3. Bg2 Bb7 4. d3 Nf6 5. O-O Be7 6. Nbd2 {A05: Réti Opening: 1 Nf3 Nf6} O-O 7. e4 d6 8. Re1 c5 {LiveBook: 13 Games} 9. Nf1 Nc6 10. h3 a5 11. a4 $146 ({Predecessor:} 11. g4 Nd7 {1-0 (41) Kortschnoj,V (2640)-Agdestein,S (2560) Haninge 1988}) 11... b4 12. g4 Rc8 13. Ng3 Nd7 14. Be3 Bf6 15. Rb1 Nd4 16. Nd2 Ba6 17. b3 e5 18. Nf5 Rc6 19. Nf3 g6 20. Ng3 Re8 21. Qd2 Bg7 22. Nh2 Nf8 23. f4 exf4 24. Bxf4 Be5 25. Rf1 {[#]} (25. Ne2 $1 $15) 25... Nfe6 $1 $17 {[%cal Re6f4]} 26. Bxe5 dxe5 27. Nf3 (27. Rbd1 $17 {keeps fighting.}) 27... f6 28. Ne2 (28. Rbd1 $17 {was worth a try.}) 28... g5 29. Rf2 {[#]} Rc7 (29... Nxc2 $1 $19 {[%mdl 512]} 30. Qxc2 Bxd3) 30. Rbf1 (30. Ng3 $142) 30... Rf8 (30... Nxe2+ $142 31. Qxe2 Nf4) 31. h4 (31. Nfxd4 $142 cxd4 32. Bf3) 31... h6 32. Ng3 Nf4 33. Nxd4 cxd4 34. Nf5 Rh7 35. h5 Bc8 36. Kh2 (36. Qe1 $17) 36... Qc7 (36... Bxf5 $19 37. exf5 Qd6) 37. Bf3 (37. Kh1 $17) 37... Bxf5 $1 $19 38. gxf5 {[#]} Nd5 $1 {[%mdl 512]} 39. exd5 e4+ $1 40. Kg2 e3 ({Not} 40... exf3+ 41. Kxf3 Re8 42. Re2 $15) 41. Qe1 g4 {[%cal Bg5g4,Bg4g3][%mdl 32]} (41... exf2 42. Qe6+ Rhf7 43. d6 $17) 42. Be4 {Re2 is the strong threat.} exf2 43. Qxf2 {[#]} g3 $1 {[%mdl 512]} 44. Qd2 (44. Qxg3+ Rg7) 44... Rg7 45. Re1 Re8 46. d6 $2 (46. Rf1) 46... Qxd6 {Black is clearly winning.} 47. Qxh6 Rg5 48. Kg1 {White threatens Bd5+! and mate.} Re5 49. Re2 Qf8 50. Qxf8+ Kxf8 51. h6 Kg8 52. Kg2 Kh7 {Precision: White = 43%, Black = 61%.} 0-1

[Event "IOM Open-Masters 2017"]
[Site "Douglas"]
[Date "2017.09.22"]
[Round "1"]
[White "Timman, Jan H"]
[Black "Rapport, Richard"]
[Result "1/2-1/2"]
[WhiteElo "2573"]
[BlackElo "2675"]
[Annotator "TA"]
[PlyCount "77"]
[EventDate "2017.??.??"]
[EventType "swiss"]
[EventCountry "GBR"]
[SourceTitle "playchess.com"]
[Source "ChessBase"]
[SourceQuality "1"]

{[%evp 18,77,19,18,20,0,0,0,0,0,0,0,5,0,11,17,18,7,9,10,10,-7,0,-4,0,0,0,-10,0,0,0,0,0,0,0,0,0,0,0,0,0,0,0,0,0,0,0,0,0,0,0,0,0,0,0,0,0,0,0,0,0,0]} 1. Nf3 Nf6 2. g3 b6 3. Bg2 Bb7 4. O-O g6 5. c4 Bg7 6. d4 {[%cal Bd2d4,Bd4d5][%mdl 32]} O-O 7. d5 Na6 {A50: Queen's Fianchetto Defence (1 d4 Nf6 2 c4 b6)} 8. Nc3 Nc5 9. Be3 e6 10. Rc1 {LiveBook: 3 Games. The position is equal.} a5 $146 ({Predecessor:} 10... Ng4 11. Bg5 f6 12. Bd2 f5 13. Bg5 Qc8 14. dxe6 dxe6 15. Be7 {1-0 (40) Greenfeld,A (2562)-Naiditsch,A (2686) Novi Sad 2016}) 11. Ne1 exd5 12. cxd5 d6 13. Bd4 Re8 14. Nc2 h5 15. h3 Qd7 16. Re1 Ba6 17. Qd2 Kh7 18. Qf4 Qe7 19. g4 hxg4 20. hxg4 Rh8 21. Bf3 Nfd7 22. Kg2 {[#] Threatens to win with Rh1+.} Be5 23. Rh1+ Kg7 $1 24. Qd2 Rae8 25. Be3 Rxh1 26. Rxh1 Rh8 {aiming for ...Rxh1.} 27. Rxh8 Kxh8 28. g5 Bg7 29. b4 axb4 30. Nxb4 Bc8 31. Nc6 Qe8 32. Bd4 Ne5 33. Qe3 Bd7 34. Nxe5 Bxe5 35. Ne4 Nxe4 36. Bxe4 Kg8 37. f4 Bxd4 38. Qxd4 c5 39. dxc6 $1 {Precision: White = 75%, Black = 94%.} 1/2-1/2

[Event "IOM Open-Masters 2017"]
[Site "Douglas"]
[Date "2017.09.23"]
[Round "1"]
[White "Lenderman, Aleksandr"]
[Black "Karavade, Eesha"]
[Result "1-0"]
[WhiteElo "2565"]
[BlackElo "2384"]
[Annotator "TA"]
[PlyCount "31"]
[EventDate "2017.??.??"]
[EventType "swiss"]
[EventCountry "GBR"]
[SourceTitle "playchess.com"]
[Source "ChessBase"]
[SourceQuality "1"]

{[%evp 9,31,0,17,11,6,0,21,-31,8,14,32,32,55,1,0,0,115,65,241,234,689,680,659,650]} 1. d4 d5 2. c4 c6 3. Nf3 Nf6 4. Qc2 dxc4 5. Qxc4 Bg4 6. Nc3 {D23: Queen's Gambit Accepted: 3 Nf3 Nf6 sidelines} Nbd7 7. e4 e5 8. Be3 (8. Nxe5 $11 Be6 9. Qd3) 8... Bxf3 (8... Bd6 {with more complications.} 9. h3 Bxf3 10. gxf3 Nb6 11. Qb3 exd4 12. Bxd4 O-O) 9. gxf3 $40 {[%mdl 128] White is up to no good.} Bd6 10. O-O-O Qe7 11. Kb1 (11. Ne2 $14) 11... exd4 $11 12. Bxd4 Ne5 $146 {[#]} (12... O-O $11 {keeps the balance.}) ({Predecessor:} 12... O-O 13. Be3 Ne5 {0-1 (37) Handke,F (2531)-Postny,E (2658) Berlin 2015}) 13. Qe2 $1 $16 {And now f4 would win.} Ng6 $2 {[#]} (13... Nh5 $1 $14) 14. e5 $1 $18 {[%cal Re5f6][%mdl 512]} c5 $2 (14... Bxe5 15. Bxe5 Qxe5) 15. Qb5+ (15. exd6 Qxe2 16. Bxe2 cxd4 $18) 15... Qd7 16. Bxc5 {Precision: White = 57%, Black = 26%.} ({Less strong is} 16. exd6 cxd4 17. Rxd4 O-O $18) 1-0

[Event "IOM Open-Masters 2017"]
[Site "Douglas"]
[Date "2017.09.23"]
[Round "1"]
[White "Wagner, Dennis"]
[Black "Riazantsev, Alexander"]
[Result "1/2-1/2"]
[WhiteElo "2564"]
[BlackElo "2666"]
[Annotator "TA"]
[PlyCount "67"]
[EventDate "2017.??.??"]
[EventType "swiss"]
[EventCountry "GBR"]
[SourceTitle "playchess.com"]
[Source "ChessBase"]
[SourceQuality "1"]

{[%evp 13,67,0,9,14,1,7,10,4,12,12,14,15,20,14,16,10,18,27,33,0,9,23,54,53,54,63,66,42,89,49,77,81,79,90,91,52,48,43,48,52,89,91,96,110,125,56,83,65,98,33,34,25,28,15,48,0]} 1. c4 c6 {[%cal Bc7c6,Bc6c5][%mdl 32]} 2. Nf3 d5 3. e3 Nf6 4. Nc3 e6 5. d4 a6 6. Qc2 c5 7. cxd5 exd5 8. Be2 {D45: Semi-Slav: 5 e3} Be6 9. O-O Nc6 10. Rd1 {The position is equal.} cxd4 (10... Nb4 $5 {[%cal Rb4c2]} 11. Qd2 Nc6 $11) 11. Nxd4 Nxd4 12. Rxd4 Bc5 13. Rd1 {Strongly threatening Nxd5.} Qe7 14. Na4 $36 {[%mdl 2048] [#] White is more active.} Ba7 $146 ({Predecessor:} 14... Bd6 15. Nb6 Rd8 {1-0 (38) Mamedyarov,S (2766)-Tomashevsky,E (2722) Loo 2013}) 15. Bxa6 O-O 16. Bf1 Rfd8 17. Nc3 {[%cal Ba4c3,Bc3b5,Bb5d4][%mdl 32]} Qc7 18. Qe2 Bb8 {[%csl Gb8][%cal Rc7h2]} 19. g3 h5 20. Nb5 Qb6 21. Nd4 Bg4 22. f3 Bd7 23. b3 Re8 24. Qd2 Nh7 25. a4 Ng5 26. Kh1 Qf6 {[#]} 27. Bg2 $1 h4 28. gxh4 Nh3 29. Bxh3 (29. f4 $16) 29... Bxh3 $14 30. Qf2 Re4 {[#]} 31. Bb2 (31. f4 $1 $16) 31... Qxh4 32. Qxh4 Rxh4 33. Rd2 Be5 34. Rc1 {Precision: White = 44%, Black = 42%.} 1/2-1/2

[Event "IOM Open-Masters 2017"]
[Site "Douglas"]
[Date "2017.09.23"]
[Round "1"]
[White "Deac, Bogdan-Daniel"]
[Black "Prueske, Wolfgang"]
[Result "1-0"]
[WhiteElo "2559"]
[BlackElo "2046"]
[Annotator "TA"]
[PlyCount "63"]
[EventDate "2017.??.??"]
[EventType "swiss"]
[EventCountry "GBR"]
[SourceTitle "playchess.com"]
[Source "ChessBase"]
[SourceQuality "1"]

{[%evp 15,63,45,54,57,59,84,85,41,51,-101,-92,-74,94,98,116,114,130,130,128,121,125,97,129,114,145,140,145,139,139,131,159,158,141,139,150,162,169,172,171,184,176,175,298,290,327,327,362,362,343,326]} 1. d4 d5 2. c4 Nc6 3. Nc3 e6 4. Nf3 Nf6 5. Bg5 Bb4 6. cxd5 exd5 7. Qb3 h6 8. Bxf6 Qxf6 {LiveBook: 7 Games} 9. Qxd5 {D38: Queen's Gambit Declined: Ragozin Defence (4 Nf3 Bb4)} (9. e3 O-O 10. Be2 Be6 11. O-O Rfd8 12. a3 Bxc3 13. Qxc3 Rdc8 14. Rfc1 Ne7 15. Qb4 b6 16. Ba6 c5 17. dxc5 bxc5 18. Qa5 Rcb8 19. Qxc5 Rxb2 20. Qd4 Qxd4 {½-½ (20) Vovk,I (2307)-Thybo,J (2464) Riga 2017}) 9... O-O {...Rd8 is the strong threat.} 10. e3 $1 Rd8 11. Qb5 {White is better.} a6 12. Qd3 $146 (12. Qe2 $14) ({Predecessor:} 12. Qa4 Bg4 13. Be2 b5 14. Qd1 {1-0 (54) Reis,A (2000)-Medeiros,H (2165) Sao Jose de Rio Preto 2008}) 12... Bf5 $1 $17 {[%cal Rf5d3][%mdl 1024] Black has strong compensation.} 13. Qd2 {[#]} Bg4 $2 (13... Nxd4 $1 $17 {[%mdl 512] stays on course.} 14. exd4 c5) 14. Be2 $16 Ne7 15. a3 Ba5 {[#]} 16. b4 $1 {[%cal Rb4a5]} Bb6 17. O-O c6 18. Qc2 Bc7 19. Ne4 Qe6 20. Nc5 Qc8 21. Rab1 b6 22. Nb3 Qe6 23. Rfc1 Bf5 24. Bd3 Bxd3 25. Qxd3 f5 26. g3 Rd5 27. a4 Bd6 28. Nbd2 a5 (28... g5 $142 29. Ne1 Bc7) 29. Nc4 $18 Bc7 {If Black can now play ...axb4 this consolidates a bit.} 30. bxa5 bxa5 31. Rb7 Qc8 32. Rcb1 {Precision: White = 67%, Black = 61%.} 1-0

[Event "IOM Open-Masters 2017"]
[Site "Douglas"]
[Date "2017.09.22"]
[Round "1"]
[White "Brunello, Sabino"]
[Black "Naiditsch, Arkadij"]
[Result "1/2-1/2"]
[WhiteElo "2555"]
[BlackElo "2702"]
[Annotator "TA"]
[PlyCount "136"]
[EventDate "2017.??.??"]
[EventType "swiss"]
[EventCountry "GBR"]
[SourceTitle "playchess.com"]
[Source "ChessBase"]
[SourceQuality "1"]

{[%evp 17,136,40,25,32,25,18,18,14,12,12,43,25,58,72,58,50,70,57,95,83,77,66,74,72,77,77,92,85,106,97,102,97,90,87,110,90,88,40,38,0,0,0,0,0,0,0,0,0,0,-30,0,0,0,0,0,0,0,0,0,-8,-8,-8,-8,-51,-20,-25,-23,-24,-18,-42,-8,-8,-8,-8,0,-193,-170,-262,-261,-304,-12,-12,-4,-6,-5,-8,0,0,0,0,0,0,0,0,0,0,0,0,0,-8,-8,-8,-8,-8,-8,-8,-8,-8,-8,-8,-8,-8,-8,-8,-8,-8,-8,-8,-8,-8,-8]} 1. d4 Nf6 2. c4 g6 3. Nc3 Bg7 4. e4 d6 5. Bd3 O-O 6. Nge2 Nc6 7. O-O Nh5 8. Be3 e5 9. d5 Nd4 {LiveBook: 21 Games. E70: King's Indian: Miscellaneous lines with 4 e4, including 5 Nge2 and 5 Bd3 0-0 6 Nge2} 10. Qd2 c5 11. dxc6 bxc6 12. b4 Be6 13. Rfd1 $146 ({Predecessor:} 13. b5 f5 14. Bg5 Qd7 15. bxc6 Nxc6 16. Nd5 f4 17. f3 {0-1 (53) Seirawan,Y (2629)-Kasimdzhanov,R (2653) Bled 2002}) 13... f5 14. exf5 gxf5 15. Bg5 Qd7 16. Nxd4 exd4 17. Ne2 c5 18. bxc5 dxc5 19. Nf4 Nxf4 20. Bxf4 Rfe8 21. Rab1 Qf7 22. Rdc1 Rac8 23. h3 Rc6 24. Rb3 Bc8 25. Rcb1 Be5 26. Bxe5 Rxe5 27. Qf4 Qc7 {White must now prevent ...Re1+!} 28. Kh2 (28. Qf3 {keeps more tension.} Rce6 29. Rb8 Re8 30. Qg3+ Kf8 31. Kh2) 28... Re7 29. Qxc7 Rexc7 30. Kg3 Rg6+ 31. Kf3 Kf7 32. g3 Rh6 33. Rb8 Ra6 (33... f4 $5) 34. R1b2 Ra3 35. R8b3 Ra4 36. Kf4 Kf6 37. Rb8 Be6 38. Rf8+ Rf7 39. Rxf7+ Bxf7 $11 {[%mdl 4096] Endgame KRB-KRB} 40. Rc2 Be6 41. g4 fxg4 42. hxg4 h6 43. f3 Ra3 44. Be4 d3 45. Rh2 Kg7 46. g5 $2 (46. Bd5 $11 {and White has nothing to worry.} Bxd5 47. cxd5) 46... hxg5+ $19 47. Kxg5 (47. Ke5 $142 Bxc4 48. Rh7+ Kf8 49. Rh8+ Kg7 50. Rh7+ Kg8 51. Rd7) 47... Bxc4 48. Kf5 a5 $2 ({Stronger than} 48... Bxa2 {[#]} 49. Bxd3 $1 {[%mdl 512]} Bf7 50. Be4 $15) ({Black should play} 48... Rxa2 $19 49. Rxa2 Bxa2 50. Bxd3 Bb3) 49. Ke5 $11 {The position is equal.} Bg8 50. Rg2+ Kf8 51. Rb2 Rxa2 52. Rb8+ Kg7 {Threatens to win with ...d2.} 53. Bxd3 {And now Rxg8+! would win.} Rd2 54. Rb7+ Kh8 55. Be4 a4 {Strongly threatening ...a3.} 56. Ra7 Bb3 57. Bc6 Re2+ 58. Kd6 c4 {[%cal Bc5c4,Bc4c3][%mdl 32] Hoping for ...c3.} 59. Bxa4 Ra2 60. Ra8+ Kg7 61. Bc6 Rxa8 62. Bxa8 {KB-KB} c3 63. Be4 Kf6 64. Kc5 Ke5 65. Bd3 Bd1 66. Kc4 c2 {[#]} 67. Bxc2 $1 {[%mdl 512]} Bxc2 68. f4+ Kxf4 {Precision: White = 65%, Black = 59%.} 1/2-1/2

[Event "IOM Open-Masters 2017"]
[Site "Douglas"]
[Date "2017.09.22"]
[Round "1"]
[White "Kosteniuk, Alexandra"]
[Black "Hou, Yifan"]
[Result "1/2-1/2"]
[WhiteElo "2552"]
[BlackElo "2670"]
[Annotator "TA"]
[PlyCount "146"]
[EventDate "2017.??.??"]
[EventType "swiss"]
[EventCountry "GBR"]
[SourceTitle "playchess.com"]
[Source "ChessBase"]
[SourceQuality "1"]

{[%evp 17,146,47,47,-10,-17,-11,0,0,2,0,0,1,1,0,2,8,5,10,23,20,76,47,56,48,37,18,13,13,44,47,47,47,49,52,45,8,11,8,8,8,8,8,8,8,8,0,0,0,0,0,0,0,0,0,0,0,1,8,49,50,50,50,57,15,64,71,97,0,0,0,0,0,0,0,0,0,0,0,0,0,0,0,0,0,0,0,0,0,0,0,0,0,0,0,0,0,0,0,0,0,0,0,0,0,0,0,0,0,0,-8,-8,-8,-8,-8,0,0,0,0,0,0,0,0,0,0,0,0,-8,-8,-8,-8,0]} 1. e4 c5 2. Nf3 e6 3. d4 cxd4 4. Nxd4 Nf6 5. Nc3 d6 6. g4 h6 7. h3 Nc6 8. Be3 Bd7 {B81: Sicilian Scheveningen: Keres Attack} 9. f4 Be7 {LiveBook: 4 Games} 10. Nf3 $146 ({White should try} 10. Qd2 $14) ({Predecessor:} 10. Nb3 a5 11. a4 e5 12. f5 Nb4 13. Bg2 O-O 14. Qe2 Qc7 15. O-O-O b5 16. axb5 {0-1 (32) Shomoev,A (2571)-Zvjaginsev,V (2671) Vladivostok 2012}) 10... d5 $11 11. exd5 Nxd5 12. Nxd5 exd5 13. Bg2 d4 14. Nxd4 Bh4+ 15. Bf2 Qe7+ 16. Kf1 {Black must now prevent Nxc6.} Bxf2 17. Kxf2 O-O-O 18. Qf3 Qc5 (18... Qb4 $11 19. c3 Qb6) 19. Rhd1 h5 20. gxh5 Be6 21. Qc3 (21. c3 {with more complications.} Bd5 22. Qe2 Bxg2 23. Kxg2 Nxd4 24. Rxd4 Rxd4 25. cxd4 Qxd4 26. Kg3) 21... Qxc3 22. bxc3 Rxh5 23. Nxe6 fxe6 24. Rxd8+ Kxd8 {[%mdl 4096] Endgame KRB-KRN} 25. Rg1 Ne7 26. Bxb7 Rxh3 27. Bf3 (27. Ba6 {feels hotter.} Rxc3 28. Bd3 g6 29. Rg5 Ra3 30. Bc4) 27... Rh2+ 28. Rg2 Rxg2+ 29. Bxg2 {KB-KN} Kc7 30. Ke3 {White wants to play Be4.} Kd6 31. Kd4 {Be4 is the strong threat.} Nf5+ 32. Ke4 Ng3+ 33. Kf3 Nf5 34. Ke4 Ng3+ 35. Kd3 Nh5 36. Ke3 Nf6 37. c4 Nd7 38. Kd4 Nc5 39. Bf3 Nd7 40. Bh5 Nc5 41. Be8 Nb7 42. a4 (42. a3 $16) 42... Nc5 {The position is equal.} 43. a5 Nb7 44. c5+ Nxc5 45. Kc4 Na6 46. Bh5 Nc7 47. Bf3 Na6 48. Bg2 Nc7 49. Bb7 Ne8 50. Kd4 Nf6 51. Bf3 Nd7 52. Bg2 e5+ 53. fxe5+ Nxe5 54. a6 Nd7 55. Bf1 Nc5 56. Bb5 Ne6+ 57. Ke4 Kc5 58. Ke5 Nc7 59. Bd3 Kb6 60. Kd6 g5 61. Be2 Nb5+ 62. Ke5 Kxa6 63. Kf5 Kb6 64. Kxg5 Kc5 {[#] And now ...a5 would win.} 65. Kf4 Nc3 66. Ke3 a5 67. Kd2 Kb4 68. Bh5 a4 69. Kc1 a3 70. Bf7 Kc5 71. Bb3 Kd4 72. Bf7 Ke3 73. Bb3 Kd4 {Precision: White = 77%, Black = 72%.} 1/2-1/2

[Event "IOM Open-Masters 2017"]
[Site "Douglas"]
[Date "2017.09.23"]
[Round "1"]
[White "Mekhitarian, Krikor Sevag"]
[Black "Arjun, Kalyan"]
[Result "1/2-1/2"]
[WhiteElo "2534"]
[BlackElo "2406"]
[Annotator "TA"]
[PlyCount "62"]
[EventDate "2017.??.??"]
[EventType "swiss"]
[EventCountry "GBR"]
[SourceTitle "playchess.com"]
[Source "ChessBase"]
[SourceQuality "1"]

{[%evp 33,62,22,24,8,16,14,46,34,41,41,112,75,69,68,74,69,64,86,67,67,67,72,133,140,136,8,8,0,0,0,0]} 1. e4 e5 2. Nf3 Nc6 3. Bb5 a6 4. Ba4 Nf6 5. O-O Be7 6. Re1 b5 7. Bb3 d6 8. c3 O-O 9. h3 Nb8 10. d4 Nbd7 11. Nbd2 Bb7 12. Bc2 Re8 13. a4 Bf8 14. Bd3 c6 15. b3 g6 16. Bb2 Bg7 {C95: Closed Ruy Lopez: Breyer Variation with 10 d4} 17. Qc2 Nh5 {LiveBook: 9 Games} (17... Qc7 18. b4 Nh5 19. Bf1 Nf4 20. dxe5 Nxe5 21. Nxe5 Bxe5 22. c4 Bxb2 23. Qxb2 bxa4 24. c5 {1-0 (50) Smirin,I (2676)-Efimenko,Z (2655) Warsaw 2016}) 18. g3 Rc8 19. Bf1 exd4 20. cxd4 d5 {[#]} 21. b4 $146 {[%cal Bb3b4,Bb4c5][%mdl 32]} ({Predecessor:} 21. e5 b4 22. Qd3 Nf8 23. h4 Ne6 24. Rac1 {½-½ (46) Efremov,A (2574)-Laane,E (2467) ICCF email 2011}) 21... c5 (21... Bf8 $14) 22. bxc5 dxe4 23. Nxe4 Bxe4 24. Rxe4 Rxe4 25. Qxe4 {Black must now prevent Qc2.} Nxc5 26. dxc5 Bxb2 27. Ra2 $1 {[%cal Ra2b2]} Bg7 ({Black should play} 27... Bf6) 28. axb5 $16 axb5 {[#]} 29. Bxb5 (29. Ra7 $1 $16) 29... Rxc5 $11 {The position is equal.} 30. Bc4 {And now Bxf7+! would win.} Nf6 31. Qb7 Rc7 {Precision: White = 47%, Black = 63%.} ({Don't blunder} 31... Rxc4 $2 32. Ra8 $18) 1/2-1/2

[Event "IOM Open-Masters 2017"]
[Site "Douglas"]
[Date "2017.09.23"]
[Round "1"]
[White "Harika, Dronavalli"]
[Black "Oyama, Akito"]
[Result "1-0"]
[WhiteElo "2528"]
[BlackElo "2198"]
[Annotator "TA"]
[PlyCount "87"]
[EventDate "2017.??.??"]
[EventType "swiss"]
[EventCountry "GBR"]
[SourceTitle "playchess.com"]
[Source "ChessBase"]
[SourceQuality "1"]

{[%evp 20,87,50,40,89,79,88,93,127,88,95,73,114,85,79,85,85,86,130,135,237,248,318,296,515,497,494,485,549,537,530,512,487,475,443,425,329,283,335,319,493,390,404,384,367,328,328,281,289,287,293,293,295,295,266,244,474,474,532,1049,983,923,1896,1803,29969,1487,29972,29974,2325,1902]} 1. d4 e6 2. e4 d5 3. Nd2 dxe4 4. Nxe4 Bd7 5. Nf3 Bc6 6. Bd3 Nd7 7. c3 Be7 8. O-O Ngf6 9. Nxf6+ Bxf6 10. Re1 O-O 11. Bf4 {LiveBook: 10 Games} b6 {C10: French with 3 Nc3: Unusual Black 3rd moves and 3...dxe4} 12. Qe2 Bd5 $146 ({Predecessor:} 12... Bb7 13. Rad1 Rc8 14. Bc2 g6 15. Bb3 Bg7 16. Bg3 Qf6 17. Ne5 Nxe5 18. Bxe5 Qg5 19. f4 Qh4 20. Bxg7 Kxg7 21. Qe5+ Qf6 22. h4 h5 23. Kf2 Rfd8 {½-½ (24) Ivanovic,B (2495)-Raicevic,V (2460) Budva 2002}) 13. Rad1 Re8 {White is better.} 14. Bc2 Nf8 15. Ba4 Re7 16. c4 Bb7 17. Ne5 Ng6 18. Bg3 $36 {[%cal Bf4g3,Bg3h4,Bh4f6][%mdl 2080] Black is under strong pressure.} Bxe5 19. dxe5 Qc8 {[#]} (19... Qf8 $16 {was called for.} 20. f3 c5) 20. h4 $1 $18 {[%cal Bh2h4,Bh4h5][%mdl 32]} Nf8 21. h5 c5 $2 (21... c6 22. Qg4 Rd7) 22. Bh4 Rc7 23. Qg4 Nd7 24. Bxd7 Rxd7 25. Bf6 {[%csl Gf6][%cal Rg4g7]} g6 26. Rxd7 (26. hxg6 fxg6 27. Qxe6+ Rf7 $18) 26... Qxd7 27. Rd1 {[%cal Be1d1,Bd1d2,Bd2d6][%mdl 32]} Qe8 28. Qg5 Be4 29. f3 (29. hxg6 Bxg6 30. Rd3 Qf8 $18) 29... Bc2 (29... Bc6 {was necessary.} 30. Rd6 (30. hxg6 fxg6 31. Rd6 Rc8 $18) 30... Rc8 31. hxg6 fxg6) 30. Rd2 ({Weaker is} 30. hxg6 Bxg6 31. Kf2 Qf8 $18) 30... Ba4 31. b3 ({Not} 31. hxg6 fxg6 32. Rd6 Qf7 $16) 31... Bc6 32. h6 ({Much less strong is} 32. hxg6 fxg6 33. Rd6 Rc8 $18) 32... Kf8 33. Rd6 Rc8 34. Qd2 Kg8 35. Kf2 Kf8 36. Qf4 Kg8 37. Bg5 Qf8 $2 (37... f5 38. exf6 e5) 38. Qf6 Be8 39. a4 {[%cal Ba2a4,Ba4a5][%mdl 32]} Bc6 40. g4 {[%cal Bg2g4,Bg4g5][%mdl 32]} Be8 41. Be3 Rb8 42. Kg3 Rc8 43. g5 Rb8 {[#]} 44. a5 $1 {[%mdl 512] Precision: White = 88%, Black = 35%.} 1-0

[Event "IOM Open-Masters 2017"]
[Site "Douglas"]
[Date "2017.09.23"]
[Round "1"]
[White "Lubbe, Nikolas"]
[Black "Player, Edmund C"]
[Result "1-0"]
[WhiteElo "2515"]
[BlackElo "2202"]
[Annotator "TA"]
[PlyCount "59"]
[EventDate "2017.??.??"]
[EventType "swiss"]
[EventCountry "GBR"]
[SourceTitle "playchess.com"]
[Source "ChessBase"]
[SourceQuality "1"]

{[%evp 11,59,0,5,-65,-43,-44,-62,-98,-74,-78,0,0,0,0,0,0,0,-133,-131,-193,-185,-170,-47,-42,-21,-33,-29,-58,0,0,0,-12,0,0,29,0,202,201,215,205,198,205,202,187,234,219,808,808,793,760]} 1. d4 Nf6 2. Nc3 d5 3. Bf4 c6 4. f3 g6 5. Qd2 Bg7 6. O-O-O {D00: 1 d4 d5: Unusual lines} b5 {[%cal Bb7b5,Bb5b4][%mdl 32] LiveBook: 3 Games} 7. Bh6 (7. e4 $11) (7. e4 b4 8. Na4 dxe4 9. Qxb4 Nd5 10. Qd2 Nxf4 11. Qxf4 {0-1 (56) Kazhgaleyev,M (2578)-Rakhmanov,A (2670) Astana 2017}) 7... Bxh6 $15 8. Qxh6 {Black is slightly better.} b4 $146 ({Predecessor:} 8... Qa5 9. Nh3 Bxh3 10. gxh3 b4 11. Nb1 Qxa2 12. e4 dxe4 13. fxe4 Nxe4 {1-0 (75) Mashinskaya,I (2242)-Ushakova,I (2200) Samara 2003}) 9. Nb1 Qa5 $1 {[#]} 10. e4 $1 {[%mdl 512] Hoping for e5.} dxe4 (10... Qxa2 $6 11. e5 $11) (10... Be6 $1 $17 11. e5 Nfd7) 11. Bc4 $11 Be6 12. Bxe6 fxe6 13. fxe4 Nbd7 $36 {[%mdl 2048] Black is more active.} 14. e5 (14. Nf3 $11 {keeps the balance.}) 14... Nd5 $17 15. Qh3 (15. a3 $17) 15... Qxa2 $19 16. Qxe6 Nc3 (16... Kd8 $19 17. Nh3 N7b6) 17. Qxa2 $15 Nxa2+ 18. Kd2 Nb6 {Strongly threatening ...Nc4+.} 19. b3 $1 O-O-O ({Black should play} 19... O-O $15) 20. Ne2 $11 c5 21. Ke3 Rd5 22. Ke4 Rhd8 23. Rd2 {Black must now prevent c4.} R5d7 $2 (23... cxd4 $11 24. Rf1 Ra5) 24. c4 $18 {[%cal Bc2c4,Bc4c5,Bc5c6][%mdl 32]} Nc3+ 25. Nbxc3 ({Less strong is} 25. Nexc3 bxc3 26. Nxc3 Rxd4+ 27. Rxd4 Rxd4+ 28. Ke3 Rg4 $11) 25... bxc3 {[#]} 26. Rd3 $1 ({Not} 26. Nxc3 Rxd4+ 27. Rxd4 Rxd4+ 28. Ke3 Rg4 $11) 26... cxd4 27. Nxd4 ({Don't play} 27. Rxd4 $6 Rf8 $16) 27... a5 28. c5 Nd5 $2 {[#]} (28... Na8 29. Rc1 Nc7) 29. c6 $1 Rc7 30. Ne6 {Precision: White = 60%, Black = 45%.} 1-0